1019 1016 1184 1267 1248 1925 1376 1760 1132 1122 1777 1251 1774 1458 1293 1586 1641 1785 1754 1625 1148 1109 1116 1510 1358 1107 1896 1175 1754 1600 1492 1358 1789 1958 1195 1544 1131 1869 1523 1496 1011 1016 1963 1576 1825 1763 1361 1450 1264 1692 1991 1804 1889 1369 1051 1293 1470 1970 1501 1148 1722 1642 1033 1233 1500 1758 1160 1612 1234 1460 1848 1349 1062 1750 1865 1888 1810 1669 1622 1140 1827 1612 1459 1035 1205 1979 1249 1370 1646 1875 1017 1096 1292 1670 1667 1036 1708 1480 1872 BCNSPRNW ULIB Ver.6.0+V

เปลี่ยนเป็นภาษาไทย

Change to English
 แสดงรายละเอียดบรรณานุกรม
  กลับหน้าหลัก

Brief Record : Get Marc (ISO 2709) : E-mail record : QR code < ปิดหน้าต่าง
LEADER : 00000nam 2200000uu 4500
001    13399111169
003     ULIB
008    110619s2548||||th 000 0 tha d
060  0 WY18.2^bว587ด 2548
110 1  วิทยาลัยเครือข่ายภาคกลาง^bโครงการพัฒนาทักษะวิชาชีพ
245 00 สาระทบทวน วิชา การพยาบาลเด็ก/^cหัวหน้าโครงการ ละเอียด แจ่มจันทร์
250    พิมพ์ครั้งที่ 1
260    กรุงเทพฯ:^bวิทยาลัยเครือข่ายภาคกลาง,^c2548
300    119 หน้า
650  7 การพยาบาลเด็ก^xคำถามและคำตอบ
945    ^p0^l0^i13712
945    ^p0^l0^i13713
995     เกษร
999    ^aใช้งานได้ทุกระบบ
รายการนี้ยังไม่มีแท็ก
คุณยังไม่ได้ล็อกอิน คุณสามารถมีกิจกรรมร่วมกับเว็บไซต์ได้ แต่ต้องล็อกอินก่อน ::
  ล็อกอิน

รายการสื่อสารสนเทศ

ลำดับที่ ประเภท เลขเรียก/บาร์โค้ด สถานที่ สถานะ
- ไม่พบข้อมูล -

BibComment


ยังไม่เคยถูกคอมเมนท์

คอมเมนท์ทรัพยากรรายการนี้
  คอมเมนท์: สาระทบทวน วิชา กา..


 Copyright 2026. Bcnsprnw @Library